Responses for Show #8717 - Tuesday, October 11, 2022

Cris Pannullo game 8.

Contestants

[<< previous game]

Mike Elliott, a meat cutter originally from Derry, New Hampshire

Marsha Free, an executive assistant to the principal from Duluth, Georgia

Cris Pannullo, a customer success operations manager from Ocean City, New Jersey (whose 7-day cash winnings total $221,901)

[next game >>]

Jeopardy! Round responses

CLASSIC SITCOMS BY EPISODE TITLE
POLISH HISTORY
THE WAIT OF THE WORLD
SUBTITLED NONFICTION
WHERE IN THE HOUSE?
IT'S JUST A GEOMETRIC FIGURE OF SPEECH
    $200 27
Bewitched

Mike
    $200 29
Pope John Paul II

Cris
    $200 30
an elephant

Marsha
    $200 26
cancer

Cris
    $200 28
a garage

Cris
    $200 25
square dancing

Cris
    $400 21
All in the Family

Cris
    $400 19
(Marsha: What is Warsaw?)

Kraków

CrisMarsha
    $400 20
George R.R. Martin

Mike
    $400 23
the Big Bang

Cris
    $400 22
the kitchen & the bathroom

Mike
    $400 24
a love triangle

Cris
    $600 10
The Jetsons

Cris
    $600 7
Prussia

Mike
    $600 13
California Adventure

Mike
    $600 3
disco

Mike
    $4,800 18
(Ken: Primary bedroom is now preferred.)

master bedroom

Cris
    $600 17
the Cone of Silence

Cris
    $800 9
Happy Days

Marsha
    $800 6
(Cris: What is Warsaw? The Ghetto?)

Warsaw Ghetto

Cris
    $800 11
half-life

Mike
    $800 1
(Franklin) Pierce

Cris
    $800 15
(Cris: What is a mine?)
(Mike: What is a dining room?)

a coal cellar

CrisMike
Triple Stumper
    $800 16
the food pyramid

Cris
    $1000 8
[ERRATUM: There is no episode with that title; it's "Patent 4077".]

M*A*S*H

Mike
    $1000 5
Wałęsa

Cris
    $1000 12
Wait Wait... Don't Tell Me!

Cris
    $1000 2
Sapiens

Triple Stumper
    $1000 14
(Mike: What is the bedroom?)
(Ken: More specifically?)
(Mike: What is the Darling children's bedroom? [*].)
(Ken: That's correct, you started it before you ran out of time.)

the nursery

Mike
    $1000 4
(Marsha: What is geometric?)

a cube farm

Marsha
Triple Stumper

Scores at the first commercial break (after clue 15):

Cris Marsha Mike
$3,400 -$200 $3,800

Scores at the end of the Jeopardy! Round:

Cris Marsha Mike
$12,000 -$400 $4,800

Double Jeopardy! Round responses

SCIENCE GRAB BAG
BABY NAMES: TOP 25 OF 1922
OLD WORDS
IT'S A "BIG" PLACE
THE TEMPLES IN JERUSALEM
BROADWAY ROCKS
    $400 30
algae

Cris
    $400 26
(Cris: What is Daisy?)

Rose

CrisMike
    $400 7
(Mike: What is frosty?)

abominable

CrisMike
    $400 1
Big Ben

Mike
    $400 22
the Wailing Wall

Cris
    $400 6
Elvis Presley

Marsha
    $800 29
magma

Mike
    $800 25
(Ken: That's correct with less than a minute left in the round.)

Charles

Mike
    $800 28
famine

Mike
    $800 20
Big Apple

Cris
    $800 21
Gentiles

Mike
    $800 5
Bruce Springsteen

Marsha
    $1200 23
tin

Cris
    $1200 24
David

Marsha
    $1200 27
machete

Cris
    $1200 13
Big Bend

Cris
    $1200 10
the Babylonians

Triple Stumper
    $1200 4
the Go-Go's

Marsha
    $11,000 8
(Ken: In the asteroid belt, that is correct.)

Mars & Jupiter

Cris
    $1600 14
(Marsha: What is Edward?)
...
(Ken: Yes, Marsha helped narrow it down there for you.)

George

CrisMarsha
    $1600 15
gable

Mike
    $1600 12
Big Sur

Cris
    $1600 9
the Ark of the Covenant

Mike
    $1600 3
Jagged Little Pill

Mike
    $2000 18
a sine (wave)

Cris
    $2000 19
Florence

Cris
    $11,600 17
(Ken: "We cannot [*] this ground".)
...
[Loud applause]
(Ken: [Mike bounces in excitement] We got a ball game.)

hallow

Mike
    $2000 16
Big Rock Candy Mountain

Triple Stumper
    $2000 11
(Ken: [Impressed] Very good, [*], yes.)

(Mount) Moriah

Cris
    $2000 2
"Hurt"

Mike

Scores at the end of the Double Jeopardy! Round:

Cris Marsha Mike
$37,400 $1,600 $26,800

[wagering suggestions for these scores]

Final Jeopardy! Round responses

FAMOUS SHIPS
(Ken: [To Marsha] No, the Andrea Doria sunk in the '50s.)
...
(Ken: [To Cris] Yes, the German battleship sunk by the British in 1941.)
MarshaWhat is the An Andrea Doria?
$0
MikeWhat is the Andrea Doria?
$18,200
CrisWhat is Bismarck
$16,201
the Bismarck

Final scores:

Cris Marsha Mike
$53,601 $1,600 $8,600
8-day champion: $275,502 3rd place: $1,000 2nd place: $2,000

Game dynamics:

Coryat scores:

Cris Marsha Mike
$23,800 $1,600 $17,200
29 R
(including 2 DDs),
2 W
6 R,
3 W
20 R
(including 1 DD),
2 W

Combined Coryat: $42,600

[game clues] [game scores] [suggest correction]

Game tape date: 2022-08-10
The J! Archive is created by fans, for fans. Scraping, republication, monetization, and malicious use prohibited; this site may use cookies and collect identifying information. See terms. The Jeopardy! game show and all elements thereof, including but not limited to copyright and trademark thereto, are the property of Jeopardy Productions, Inc. and are protected under law. This website is not affiliated with, sponsored by, or operated by Jeopardy Productions, Inc. Join the discussion at JBoard.tv.